01996nam a2200349 u 4500001001000000003000400010005001700014008004100031020001800072040001300090041000800103082001300111100003300124245008200157250001200239260005800251300004200309490003700351500078200388500002901170500004401199650003601243650004001279650003101319650002901350650003001379650003201409700002901441942001501470999001501485952014601500000059946OSt20230322181719.0131218s2012 sp er| 000 f spa d a9789588820842 cCO-MqBPB0 aspa aANbJAMc1 aJames, Erika Leonard,d1963-10aCincuenta sombras más oscuras /cE. L. James ; traducción de Montse Roca. a1a. ed. aBarcelona :bRandom House MondadoribGrijalbo,c2012. a588 paginas;b19 cm,cTapa Rústica.0 aTrilogía cincuenta sombrasvII aIntimidada por las peculiares prácticas eróticas y los oscuros secretos del atractivo y atormentado empresario Christian Grey, la joven Anastasia Steele decide romper con él y embarcarse en una nueva carrera profesional en una editorial de Seattle. Pero el deseo por Christian todavía domina cada uno de sus pensamientos y, cuando finalmente él le propone retomar su aventura, Ana no puede resistirse. Sin embargo, al reanudar su tórrida y sensual relación, Ana averiguará aún más del terrible y doloroso pasado del impetuoso y exigente Cincuenta sombras, como ella lo llama. Mientras Christian lucha contra sus propios demonios, Ana debe enfrentarse a la ira y la envidia de las mujeres que la precedieron y tomar la decisión más importante de su vida. aRecomendado para adultos aTítulo original : Fifty shades darker14aNovela adulto inglesaySiglo XX24aLiteratura adulto inglesaySiglo XX24aSecretos en la literatura.24aDeseos en la literatura.24aMujeres en la literatura.24aEmociones en la literatura.1 aRoca, Montseetraductor. 2ddccBKLIT c7373d7373 00102ddc40708LAaBPMOSbBPMOScFICd2023-03-22l2m1oAN JAMcpMOS503089r2024-05-10s2024-04-25tEj. 1w2023-03-22yBKLITzQuince días